| 000 | 00656cab a22001935a 4500 | ||
|---|---|---|---|
| 001 | L157439 | ||
| 008 | 121130e20121117xxk 000 0 eng d | ||
| 035 | _a(Sirsi) u157439 | ||
| 041 | 0 | _aeng | |
| 100 | 1 | _aStyles, James | |
| 245 | 0 | 0 | _aDon't be lulled into complacency |
| 260 | _c2012 | ||
| 490 |
_aEstates Gazette _v(1246) 17 November 2012, 116-117(2) |
||
| 520 | _aAdvises care when drafting exclusion and draft clauses. These clauses aim to protect a party to a contract by excluding or limited liability against claims for breach of contract or in tort. | ||
| 590 | _aKA | ||
| 651 | 4 | _aUnited Kingdom | |
| 690 |
_aContracts _96232 |
||
| 942 | _n0 | ||
| 999 |
_c84383 _d84383 |
||